000 00836nam a22002297a 4500
003 UA-OsUOA
001 104228
007 ta
008 20131209b un ||||| |||| 00| 0 ukr d
090 _a343.138(094)
_bТ25
942 _cBK
040 _aUA-OsUOA
_bukr
_cUA-OsUOA
_dUA-OsUOA
245 _aТашкентский процес
_bсборник документов с иллюстрациями
300 _a854 с.
955 _a1
041 _aukr
080 _a343.138(094)
260 _aАмстердам
_bФонд имени Герцена
_c1976
246 3 1 _aСуд над десятью представителями крымскотатарского народа (1 июля - 5 августа 1969 г.)
_n
650 7 _a343 Кримінальне право. Карні порушення
_2UDC
999 _c390161
_d390161